[Event "DVM U14 2019"]
[Site "Magdeburg GER"]
[Date "2019.12.27"]
[Round "1"]
[White "Kraftsik, Christian"]
[Black "Weihrauch, Jakob"]
[Result "1/2-1/2"]
[Termination "normal"]
[Board "1.1"]
[WhiteElo "1850"]
[BlackElo "2169"]
[WhiteClock "00:11:01"]
[BlackClock "00:13:23"]
[WhiteTeam "Schach-Club Vaterstetten-Grasbrunn"]
[BlackTeam "Hamburger SK"]
[PlyCount "57"]
[WhiteFideId "16242548"]
[BlackFideId "16210115"]
[EventCountry "GER"]
[EventRounds "7"]
[EventType "team-swiss"]
[EventDate "2019.12.26"]

1. d4 Nf6 2. c4 e6 3. Nc3 Bb4 4. e3 b6 5. Nge2 Bb7 6. a3 Be7 7. Nf4 d5 8. cxd5
exd5 9. b4 O-O 10. Be2 c6 11. O-O b5 12. Bb2 a5 13. Nd3 axb4 14. axb4 Rxa1 15.
Qxa1 Nbd7 16. Nc5 Qc7 17. Qc1 Nb6 18. Qc2 Nc4 19. Bxc4 bxc4 20. Ra1 Bxc5 21.
bxc5 Bc8 22. h3 g6 23. e4 dxe4 24. Nxe4 Nxe4 25. Qxe4 Bf5 26. Qe3 Qd7 27. Qc3
Qd5 28. Ra6 Bd7 29. Ra4 1/2-1/2

[Event "DVM U14 2019"]
[Site "Magdeburg GER"]
[Date "2019.12.27"]
[Round "1"]
[White "Garner, Isaac"]
[Black "Lerchl, Clemens"]
[Result "1-0"]
[Termination "normal"]
[Board "1.2"]
[WhiteElo "2040"]
[BlackElo "1743"]
[WhiteClock "00:37:23"]
[BlackClock "00:47:51"]
[WhiteTeam "Hamburger SK"]
[BlackTeam "Schach-Club Vaterstetten-Grasbrunn"]
[PlyCount "57"]
[WhiteFideId "16239261"]
[BlackFideId "16226372"]
[EventCountry "GER"]
[EventRounds "7"]
[EventType "team-swiss"]
[EventDate "2019.12.26"]

1. e4 c5 2. Nf3 d6 3. d4 Nf6 4. Nc3 cxd4 5. Nxd4 g6 6. Be3 Bg7 7. Be2 O-O 8.
Qd2 Nc6 9. O-O-O Ng4 10. Bxg4 Bxg4 11. f3 Bd7 12. Nxc6 bxc6 13. Bh6 Rb8 14.
Bxg7 Kxg7 15. h4 Qb6 16. b3 h5 17. g4 Rh8 18. g5 Rhc8 19. f4 d5 20. exd5 Bf5
21. d6 Rd8 22. Na4 Qb5 23. Qc3+ Kh7 24. dxe7 Re8 25. Rde1 Be6 26. Nc5 Rxe7 27.
Ne4 Kg8 28. Nf6+ Kf8 29. Nd5 1-0

[Event "DVM U14 2019"]
[Site "Magdeburg GER"]
[Date "2019.12.27"]
[Round "1"]
[White "Popovici, Liviu-Daniel"]
[Black "von Krosigk, Florian"]
[Result "0-1"]
[Termination "normal"]
[Board "1.3"]
[WhiteElo "1526"]
[BlackElo "1984"]
[WhiteClock "00:17:42"]
[BlackClock "00:18:17"]
[WhiteTeam "Schach-Club Vaterstetten-Grasbrunn"]
[BlackTeam "Hamburger SK"]
[PlyCount "85"]
[WhiteFideId "1253689"]
[BlackFideId "16227808"]
[EventCountry "GER"]
[EventRounds "7"]
[EventType "team-swiss"]
[EventDate "2019.12.26"]

1. e4 e5 2. Nf3 Nc6 3. Bc4 Bc5 4. d3 Nf6 5. Nc3 a6 6. a3 d6 7. h3 h6 8. O-O g5
9. Kh1 g4 10. Ng1 gxh3 11. gxh3 Nd4 12. Nce2 Qe7 13. Nxd4 Bxd4 14. Qf3 Be6 15.
Ba2 O-O-O 16. c3 Ba7 17. Be3 Kb8 18. Bxa7+ Kxa7 19. Ne2 Nh7 20. Bxe6 fxe6 21.
Ng3 Ng5 22. Qe3+ Kb8 23. Kh2 Rdf8 24. f4 exf4 25. Rxf4 Rxf4 26. Qxf4 Rf8 27.
Qe3 Rf3 28. Qe2 Rf4 29. Kg2 Rh4 30. Rh1 Qg7 31. Qf2 Qe5 32. Qf8+ Ka7 33. Qf2+
b6 34. Qe3 Qb5 35. Qd2 d5 36. e5 d4 37. c4 Qc6+ 38. Kf1 Qf3+ 39. Qf2 Qxd3+ 40.
Ne2 Rxh3 41. Rxh3 Qxh3+ 42. Ke1 Qh1+ 43. Kd2 0-1

[Event "DVM U14 2019"]
[Site "Magdeburg GER"]
[Date "2019.12.27"]
[Round "1"]
[White "Zeuner, Ole"]
[Black "Jahrke, Jonas"]
[Result "1-0"]
[Termination "normal"]
[Board "2.1"]
[WhiteElo "1794"]
[BlackElo "1833"]
[WhiteClock "00:25:27"]
[BlackClock "00:26:00"]
[WhiteTeam "Schachzwerge Magdeburg"]
[BlackTeam "SF Katernberg"]
[PlyCount "101"]
[WhiteFideId "12943576"]
[BlackFideId "12984353"]
[EventCountry "GER"]
[EventRounds "7"]
[EventType "team-swiss"]
[EventDate "2019.12.26"]

1. e4 c5 2. Nf3 d6 3. Bb5+ Nd7 4. O-O Ngf6 5. Re1 e6 6. c3 a6 7. Bf1 Be7 8. d4
O-O 9. e5 dxe5 10. dxe5 Nd5 11. c4 Nb4 12. a3 Nc6 13. Nc3 Qc7 14. Bf4 Rd8 15.
Qc2 Nd4 16. Qe4 Nf8 17. Rad1 Nxf3+ 18. Qxf3 Bd7 19. Bd3 Ng6 20. Bg3 Bc6 21. Be4
Rxd1 22. Rxd1 Bxe4 23. Qxe4 Rb8 24. h4 Qb6 25. h5 Qxb2 26. hxg6 Qxc3 27. gxh7+
Kh8 28. Bf4 Rd8 29. Rxd8+ Bxd8 30. Qxb7 Qa1+ 31. Kh2 Kxh7 32. Qxf7 Qd4 33. Qh5+
Kg8 34. Be3 Qd7 35. Bxc5 Be7 36. Bxe7 Qxe7 37. a4 Qd8 38. Qg4 Kf7 39. Qf3+ Kg8
40. Qc6 Qh4+ 41. Kg1 Qg4 42. g3 Qf5 43. Qa8+ Kh7 44. Qxa6 Qxe5 45. Qb5 Qe1+ 46.
Kg2 Qe4+ 47. Kh2 Qe2 48. Qc5 e5 49. a5 Qa2 50. Kg2 e4 51. Qh5+ 1-0

[Event "DVM U14 2019"]
[Site "Magdeburg GER"]
[Date "2019.12.27"]
[Round "1"]
[White "Zamhöfer, Luca"]
[Black "Stockmann, Till"]
[Result "0-1"]
[Termination "normal"]
[Board "2.2"]
[WhiteElo "1724"]
[BlackElo "1894"]
[WhiteClock "00:00:32"]
[BlackClock "00:29:39"]
[WhiteTeam "SF Katernberg"]
[BlackTeam "Schachzwerge Magdeburg"]
[PlyCount "74"]
[WhiteFideId "16216040"]
[BlackFideId "12979341"]
[EventCountry "GER"]
[EventRounds "7"]
[EventType "team-swiss"]
[EventDate "2019.12.26"]

1. e4 c5 2. c3 d5 3. exd5 Qxd5 4. d4 Nf6 5. Nf3 Bg4 6. Be2 e6 7. O-O Nc6 8. Be3
cxd4 9. cxd4 Be7 10. Nc3 Qd6 11. h3 Bh5 12. Qb3 O-O 13. g4 Bg6 14. a3 a6 15.
Rfd1 Rfd8 16. Rac1 b5 17. Bg5 Rac8 18. Bh4 Ne4 19. Nxe4 Bxe4 20. Bg3 Qd7 21.
Ne5 Nxd4 22. Nxd7 Nxb3 23. Rxc8 Rxc8 24. Bd3 Bf3 25. Re1 f6 26. Be4 Nd2 27. Bb1
Bxg4 28. Nb6 Nf3+ 29. Kf1 Bxh3+ 30. Ke2 Nd4+ 31. Kd3 Bf5+ 32. Ke3 Nc2+ 33. Bxc2
Rxc2 34. Kf3 Rc6 35. Na8 Bd8 36. Rd1 Rc8 37. Rd7 Rxa8 0-1

[Event "DVM U14 2019"]
[Site "Magdeburg GER"]
[Date "2019.12.27"]
[Round "1"]
[White "Morgenstern, Tobias"]
[Black "Berresheim, Nils"]
[Result "1-0"]
[Termination "normal"]
[Board "2.3"]
[WhiteElo "1943"]
[BlackElo "1509"]
[WhiteClock "00:12:01"]
[BlackClock "00:03:01"]
[WhiteTeam "Schachzwerge Magdeburg"]
[BlackTeam "SF Katernberg"]
[PlyCount "67"]
[WhiteFideId "12974390"]
[BlackFideId "16246306"]
[EventCountry "GER"]
[EventRounds "7"]
[EventType "team-swiss"]
[EventDate "2019.12.26"]

1. e4 c5 2. Nf3 d6 3. d4 cxd4 4. Qxd4 Nc6 5. Bb5 Bd7 6. Bxc6 Bxc6 7. Nc3 Nf6 8.
Bg5 e5 9. Qd2 Be7 10. Bxf6 Bxf6 11. O-O-O Be7 12. Nd5 Bxd5 13. Qxd5 Qc7 14.
Qb5+ Qc6 15. Rd5 Rc8 16. Qd3 O-O 17. h4 Rc7 18. c3 a6 19. Kb1 b5 20. Ng5 b4 21.
Rc1 Rfc8 22. c4 Qb6 23. f4 exf4 24. e5 Bxg5 25. hxg5 Rc5 26. exd6 Rd8 27. Qd4
Rc6 28. Qxb6 Rxb6 29. c5 Rc6 30. Re1 Kf8 31. Re7 Rdc8 32. Rb7 Rxc5 33. Rxc5
Rxc5 34. Rb8+ 1-0

[Event "DVM U14 2019"]
[Site "Magdeburg GER"]
[Date "2019.12.27"]
[Round "1"]
[White "Rasch, Lukas"]
[Black "Joppich, Til"]
[Result "0-1"]
[Termination "normal"]
[Board "2.4"]
[WhiteElo "1596"]
[BlackElo "1916"]
[WhiteClock "00:49:35"]
[BlackClock "00:28:27"]
[WhiteTeam "SF Katernberg"]
[BlackTeam "Schachzwerge Magdeburg"]
[PlyCount "118"]
[WhiteFideId "16272072"]
[BlackFideId "16232917"]
[EventCountry "GER"]
[EventRounds "7"]
[EventType "team-swiss"]
[EventDate "2019.12.26"]

1. c4 e5 2. e3 Nf6 3. a3 c5 4. g3 Nc6 5. Bg2 Be7 6. Nc3 d6 7. Nge2 Be6 8. d3
Qd7 9. Rb1 d5 10. cxd5 Nxd5 11. Qc2 Rd8 12. O-O O-O 13. Re1 b6 14. b3 f5 15. f4
Nxc3 16. Qxc3 e4 17. d4 Bf6 18. Bb2 cxd4 19. exd4 Na5 20. Ba1 Rc8 21. Qe3 Bd5
22. g4 fxg4 23. Bxe4 Bxe4 24. Qxe4 Rfe8 25. Qd3 Qd5 26. Ng3 Rcd8 27. Kf2 Nc6
28. Ne2 Re4 29. Rbc1 Rde8 30. Rc2 Na5 31. Rb2 Re3 32. Qxe3 Rxe3 33. Kxe3 Qf3+
34. Kd2 Nxb3+ 35. Rxb3 Qxb3 36. Bc3 Qxa3 37. Ra1 Qe7 38. Ng3 Qd7 39. Ke3 b5 40.
Rd1 Qe7+ 41. Ne4 b4 42. Rb1 bxc3 43. Rb8+ Kf7 44. Rb7 Qxb7 45. Nd6+ Ke6 46.
Nxb7 Kd5 47. Kd3 Bxd4 48. Na5 h5 49. Nb3 Bf6 50. Nc1 a5 51. Nb3 a4 52. Na5 h4
53. Nc4 Kc5 54. Ne3 g3 55. h3 a3 56. Nc4 a2 57. Na5 Kb4 58. Nc6+ Ka3 59. Nd4
Bxd4 0-1

[Event "DVM U14 2019"]
[Site "Magdeburg GER"]
[Date "2019.12.27"]
[Round "1"]
[White "Halabi, Ibrahim"]
[Black "Schubert, Nikita"]
[Result "1/2-1/2"]
[Termination "normal"]
[Board "3.1"]
[WhiteElo "1918"]
[BlackElo "1914"]
[WhiteClock "00:24:19"]
[BlackClock "00:14:15"]
[WhiteTeam "SK Frankenthal"]
[BlackTeam "ESV Gera"]
[PlyCount "45"]
[WhiteFideId "16241754"]
[BlackFideId "16212339"]
[EventCountry "GER"]
[EventRounds "7"]
[EventType "team-swiss"]
[EventDate "2019.12.26"]

1. e4 e5 2. Nf3 Nc6 3. Bc4 Bc5 4. c3 Nf6 5. d4 exd4 6. e5 d5 7. Bb5 Ne4 8. cxd4
Bb6 9. Nc3 O-O 10. Be3 f6 11. Qb3 Nxc3 12. bxc3 Na5 13. Qc2 fxe5 14. Nxe5 Bf5
15. Bd3 Bxd3 16. Qxd3 c6 17. O-O Bc7 18. f4 Qe8 19. Rae1 Qh5 20. Bc1 Bd6 21.
Re3 Qf5 22. Qe2 Rae8 23. Qf2 1/2-1/2

[Event "DVM U14 2019"]
[Site "Magdeburg GER"]
[Date "2019.12.27"]
[Round "1"]
[White "Yergin, Danyar"]
[Black "Frank, Marek"]
[Result "0-1"]
[Termination "normal"]
[Board "3.3"]
[WhiteElo "1428"]
[BlackElo "1430"]
[WhiteClock "00:00:36"]
[BlackClock "01:00:21"]
[WhiteTeam "SK Frankenthal"]
[BlackTeam "ESV Gera"]
[PlyCount "42"]
[WhiteFideId "16243722"]
[BlackFideId "16239520"]
[EventCountry "GER"]
[EventRounds "7"]
[EventType "team-swiss"]
[EventDate "2019.12.26"]

1. e4 c5 2. f4 g6 3. Nf3 Bg7 4. Nc3 Nc6 5. Bc4 d6 6. O-O e6 7. d3 Nge7 8. Qe1
O-O 9. g4 d5 10. Bb3 a6 11. f5 b5 12. exd5 exd5 13. a3 c4 14. dxc4 dxc4 15. Ba2
gxf5 16. gxf5 Nxf5 17. Rf2 Ncd4 18. Qe4 Rb8 19. Nd5 Bb7 20. Qg4 Qxd5 21. Nxd4
Qh1# 0-1

[Event "DVM U14 2019"]
[Site "Magdeburg GER"]
[Date "2019.12.27"]
[Round "1"]
[White "Eilenberg, Jonas"]
[Black "Zwecker, Hagen"]
[Result "1-0"]
[Termination "normal"]
[Board "4.1"]
[WhiteElo "2112"]
[BlackElo "1480"]
[WhiteTeam "SV Königsjäger Süd-West e.V."]
[BlackTeam "SV 1947 Walldorf"]
[PlyCount "45"]
[WhiteFideId "16204271"]
[BlackFideId "12991007"]
[EventCountry "GER"]
[EventRounds "7"]
[EventType "team-swiss"]
[EventDate "2019.12.26"]

1. d4 d5 2. c4 e6 3. Nc3 Nf6 4. cxd5 exd5 5. Bg5 Bb4 6. e3 c6 7. Bd3 Nbd7 8.
Nf3 O-O 9. Qc2 Qc7 10. O-O h6 11. Bh4 Bxc3 12. bxc3 Re8 13. Bg3 Qd8 14. Bh4 Qc7
15. Nd2 b6 16. c4 Qd6 17. Bg3 Qe7 18. cxd5 cxd5 19. Qc6 Qa3 20. Nb3 Ba6 21. Bd6
Qb2 22. Bxa6 Nf8 23. Rfb1 1-0

[Event "DVM U14 2019"]
[Site "Magdeburg GER"]
[Date "2019.12.27"]
[Round "1"]
[White "Kokowski, Kevin"]
[Black "Abed, Karim"]
[Result "0-1"]
[Termination "normal"]
[Board "4.2"]
[WhiteElo "1627"]
[BlackElo "1513"]
[WhiteTeam "SV 1947 Walldorf"]
[BlackTeam "SV Königsjäger Süd-West e.V."]
[PlyCount "105"]
[WhiteFideId "16256417"]
[BlackFideId "16242785"]
[EventCountry "GER"]
[EventRounds "7"]
[EventType "team-swiss"]
[EventDate "2019.12.26"]

1. e4 c5 2. Nf3 Nc6 3. d4 cxd4 4. Nxd4 Nf6 5. Nc3 g6 6. Be2 d6 7. Bg5 Bg7 8.
Nf3 O-O 9. Qd2 Qb6 10. Rb1 Be6 11. Bh6 Ng4 12. Be3 Nxe3 13. fxe3 Bh6 14. Kf2
Ne5 15. Nd4 Rac8 16. Na4 Qc7 17. b3 Bd7 18. Nb2 a6 19. c4 Qb6 20. Rhf1 Nc6 21.
Na4 Qa7 22. Nxc6 Bxc6 23. Qd4 Qxd4 24. exd4 Bxe4 25. Rbd1 Bc6 26. Nb6 Rc7 27.
Rfe1 Re8 28. Bg4 f5 29. Bf3 Bxf3 30. Kxf3 e6 31. Re2 Kf7 32. Rde1 Rc6 33. Nd5
Bg7 34. Nf4 e5 35. d5 Rcc8 36. Ne6 Bh6 37. g4 b5 38. c5 e4+ 39. Kg3 dxc5 40.
Rf1 Kf6 41. Rxe4 c4 42. bxc4 Rxc4 43. Rxc4 bxc4 44. Rf2 Rc8 45. h4 Ke5 46. g5
Bf8 47. Nf4 c3 48. Rc2 Bd6 49. Kf3 Kd4 50. Ng2 Kxd5 51. Ke2 Ke4 52. Ne3 Bg3 53.
Nf1 0-1

[Event "DVM U14 2019"]
[Site "Magdeburg GER"]
[Date "2019.12.27"]
[Round "1"]
[White "Sohr, Jim"]
[Black "Meng, Yuxuan"]
[Result "1-0"]
[Termination "normal"]
[Board "4.3"]
[WhiteElo "1730"]
[BlackElo "1467"]
[WhiteTeam "SV Königsjäger Süd-West e.V."]
[BlackTeam "SV 1947 Walldorf"]
[PlyCount "53"]
[WhiteFideId "16245105"]
[BlackFideId "16258231"]
[EventCountry "GER"]
[EventRounds "7"]
[EventType "team-swiss"]
[EventDate "2019.12.26"]

1. d4 d5 2. c4 e6 3. Nc3 Nf6 4. cxd5 exd5 5. Bg5 Nbd7 6. e3 c6 7. Bd3 Bb4 8.
Qc2 Qa5 9. Nge2 O-O 10. O-O Bd6 11. Bf4 Be7 12. a3 Qd8 13. Ng3 g6 14. Rab1 Re8
15. Nb5 Rf8 16. Bc7 Qe8 17. Nd6 Bxd6 18. Bxd6 Nb6 19. Bxf8 Qxf8 20. Rfc1 Be6
21. Ne2 Rc8 22. Nf4 Nbd7 23. Qa4 a6 24. Rc3 c5 25. Nxe6 fxe6 26. dxc5 Nxc5 27.
Qc2 1-0

[Event "DVM U14 2019"]
[Site "Magdeburg GER"]
[Date "2019.12.27"]
[Round "1"]
[White "Dang, Phuong Anh"]
[Black "Boissel, Kasimir"]
[Result "0-1"]
[Termination "normal"]
[Board "4.4"]
[WhiteElo "1442"]
[BlackElo "1638"]
[WhiteTeam "SV 1947 Walldorf"]
[BlackTeam "SV Königsjäger Süd-West e.V."]
[PlyCount "92"]
[WhiteFideId "16247353"]
[BlackFideId "16298209"]
[EventCountry "GER"]
[EventRounds "7"]
[EventType "team-swiss"]
[EventDate "2019.12.26"]

1. e4 e5 2. Nf3 Nf6 3. Nc3 Bc5 4. Bc4 d6 5. h3 Be6 6. Bb3 Nc6 7. d3 Qd7 8. Ng5
Bxb3 9. axb3 a6 10. Nf3 O-O 11. Bg5 Qe6 12. O-O h6 13. Bh4 Bb6 14. Nd2 Rfe8 15.
Nc4 Bc5 16. Ne3 Nd4 17. Kh1 Rac8 18. Qd2 Nh5 19. Qd1 Nf4 20. Kh2 Qg6 21. Bg3
Nde6 22. Qg4 Qxg4 23. Nxg4 Ng6 24. Ne2 h5 25. Ne3 h4 26. Bxh4 Nxh4 27. g3 Ng6
28. c3 Bxe3 29. fxe3 Nc5 30. d4 Nxb3 31. Rad1 exd4 32. exd4 Rxe4 33. Rf2 Rce8
34. Ng1 Re1 35. Rxe1 Rxe1 36. Nf3 Re7 37. h4 c5 38. d5 Na5 39. Nd2 b5 40. b3
Re3 41. b4 cxb4 42. cxb4 Nc4 43. Nf1 Rd3 44. Ra2 Ra3 45. Re2 Kf8 46. Kg1 Ra4
0-1

[Event "DVM U14 2019"]
[Site "Magdeburg GER"]
[Date "2019.12.27"]
[Round "1"]
[White "Schröter, Christopher"]
[Black "Gallasch, Jonas"]
[Result "0-1"]
[Termination "normal"]
[Board "5.1"]
[WhiteElo "1618"]
[BlackElo "2107"]
[WhiteTeam "1. Schachclub Anhalt"]
[BlackTeam "Schachgemeinschaft Porz e. V."]
[PlyCount "80"]
[WhiteFideId "16274970"]
[BlackFideId "16222474"]
[EventCountry "GER"]
[EventRounds "7"]
[EventType "team-swiss"]
[EventDate "2019.12.26"]

1. d4 Nf6 2. g3 d5 3. Bg2 e6 4. Nf3 Be7 5. O-O O-O 6. Nbd2 c5 7. e3 Nc6 8. b3
b6 9. c4 Ba6 10. Ba3 cxd4 11. Bxe7 Qxe7 12. exd4 Rac8 13. Re1 Rfd8 14. cxd5
Nxd5 15. Nc4 b5 16. Nce5 Ncb4 17. Rf1 Nc3 18. Qd2 Qd6 19. Rfe1 f6 20. Nd3 Nxd3
21. Qxd3 e5 22. Qf5 e4 23. Nd2 g6 24. Qg4 f5 25. Qg5 Qxd4 26. Nf1 Qg7 27. Rac1
h6 28. Qh4 Re8 29. Qf4 Rcd8 30. Re3 Nd5 31. Qh4 Nxe3 32. Nxe3 Kh7 33. Bh3 Bb7
34. Bxf5 Ba8 35. Qf4 gxf5 36. Nxf5 Qg5 37. Rc7+ Kh8 38. Qxg5 hxg5 39. Ne3 a6
40. Rc5 Rg8 0-1

[Event "DVM U14 2019"]
[Site "Magdeburg GER"]
[Date "2019.12.27"]
[Round "1"]
[White "Sabirov, Rafael"]
[Black "Rohde, Niclas"]
[Result "1-0"]
[Termination "normal"]
[Board "5.2"]
[WhiteElo "1668"]
[BlackElo "1609"]
[WhiteTeam "Schachgemeinschaft Porz e. V."]
[BlackTeam "1. Schachclub Anhalt"]
[PlyCount "123"]
[WhiteFideId "16241185"]
[BlackFideId "16230205"]
[EventCountry "GER"]
[EventRounds "7"]
[EventType "team-swiss"]
[EventDate "2019.12.26"]

1. e4 d6 2. d4 Nf6 3. Nc3 g6 4. Bg5 c6 5. Qd2 Bg7 6. Bh6 O-O 7. h4 b5 8. Bd3 b4
9. Nce2 c5 10. h5 Qc7 11. hxg6 fxg6 12. Bc4+ e6 13. Bxg7 Qxg7 14. f3 d5 15.
exd5 exd5 16. Bb5 Qb7 17. Ba4 c4 18. c3 a5 19. Nh3 Bxh3 20. Rxh3 Qe7 21. O-O-O
Ra6 22. Nf4 Qd6 23. Re1 bxc3 24. Qe3 Qb4 25. b3 Qa3+ 26. Kd1 c2+ 27. Kxc2 Qxa2+
28. Kd1 Nbd7 29. Qc3 Qb1+ 30. Qc1 Qa2 31. Re2 cxb3 32. Rxa2 bxa2 33. Bb3 Rb6
34. Bxa2 Rb4 35. Ne2 Re8 36. f4 Re7 37. Re3 Rf7 38. g3 Nb6 39. Ra3 Nc4 40. Bxc4
Rxc4 41. Qa1 Ng4 42. Rc3 Rb4 43. Qxa5 Rc4 44. Kd2 Nf6 45. Rxc4 dxc4 46. Kc3 Re7
47. Qa2 Kf8 48. Kxc4 Ne4 49. d5 Rd7 50. Kd4 Nf6 51. Nc3 Ke7 52. Ne4 Nxd5 53.
Qxd5 Rxd5+ 54. Kxd5 h6 55. Ke5 Kf7 56. Kd6 h5 57. Ke5 Kg7 58. Ke6 Kh7 59. Kf6
Kh6 60. Ng5 h4 61. gxh4 Kh5 62. Kg7 1-0

[Event "DVM U14 2019"]
[Site "Magdeburg GER"]
[Date "2019.12.27"]
[Round "1"]
[White "Böhm, Florian"]
[Black "Kogan, Gabriel"]
[Result "1-0"]
[Termination "normal"]
[Board "5.3"]
[WhiteElo "1445"]
[BlackElo "1527"]
[WhiteTeam "1. Schachclub Anhalt"]
[BlackTeam "Schachgemeinschaft Porz e. V."]
[PlyCount "107"]
[WhiteFideId "16274989"]
[BlackFideId "16238265"]
[EventCountry "GER"]
[EventRounds "7"]
[EventType "team-swiss"]
[EventDate "2019.12.26"]

1. c4 Nf6 2. Nc3 g6 3. g3 Bg7 4. Bg2 d6 5. Nf3 O-O 6. O-O e5 7. d3 Nc6 8. Bg5
h6 9. Bd2 Ng4 10. h3 Nf6 11. Rb1 a5 12. a3 Nd7 13. b4 axb4 14. axb4 f5 15. b5
Ne7 16. e3 g5 17. h4 Ng6 18. hxg5 hxg5 19. Nd5 Nc5 20. Bb4 Ne6 21. Qc2 c6 22.
bxc6 bxc6 23. Nb6 Rb8 24. Nxc8 Rxc8 25. Bc3 Qe8 26. d4 f4 27. dxe5 dxe5 28.
exf4 gxf4 29. Rbe1 Qf7 30. Nxe5 Nxe5 31. Bxe5 f3 32. Bxg7 Kxg7 33. Bxf3 Qxf3
34. Rxe6 Rf5 35. Qb2+ Kf7 36. Qb7+ Kxe6 37. Qxc8+ Kd6 38. Qd8+ Kc5 39. Qd1 Qe4
40. Re1 Qxc4 41. Qc1 Qxc1 42. Rxc1+ Kd5 43. Kg2 c5 44. g4 Rf4 45. Kg3 Rb4 46.
g5 Rb3+ 47. Kg4 c4 48. g6 c3 49. Kf5 Rb2 50. f4 Kd4 51. g7 Rb8 52. Kg6 Rc8 53.
Kh7 Rc7 54. Kh8 1-0

[Event "DVM U14 2019"]
[Site "Magdeburg GER"]
[Date "2019.12.27"]
[Round "1"]
[White "Kazimov, Alis"]
[Black "Lautenschläger, Friedrich"]
[Result "0-1"]
[Termination "normal"]
[Board "5.4"]
[WhiteElo "1362"]
[BlackElo "1519"]
[WhiteTeam "Schachgemeinschaft Porz e. V."]
[BlackTeam "1. Schachclub Anhalt"]
[PlyCount "58"]
[WhiteFideId "16255348"]
[BlackFideId "16274997"]
[EventCountry "GER"]
[EventRounds "7"]
[EventType "team-swiss"]
[EventDate "2019.12.26"]

1. e4 e5 2. Nf3 Nc6 3. Bc4 Bc5 4. Nc3 d6 5. h3 Nf6 6. d3 O-O 7. O-O Bd7 8. Be3
Bxe3 9. fxe3 Na5 10. Bb3 Nxb3 11. axb3 a6 12. d4 Re8 13. Re1 b5 14. b4 c6 15.
Qd2 Re7 16. dxe5 dxe5 17. Qd6 Re6 18. Qc5 Qe7 19. Ng5 Qxc5 20. bxc5 Ree8 21. b4
h6 22. Nf3 Re7 23. Red1 Ne8 24. Nxe5 Rxe5 25. Rxd7 Nf6 26. Kf2 Nxd7 27. Rd1 Nf6
28. Kf3 a5 29. bxa5 Rxa5 0-1

[Event "DVM U14 2019"]
[Site "Magdeburg GER"]
[Date "2019.12.27"]
[Round "1"]
[White "Gutewort, Paul Emil"]
[Black "Kalina, Lena"]
[Result "1/2-1/2"]
[Termination "normal"]
[Board "6.1"]
[WhiteElo "1714"]
[BlackElo "1571"]
[WhiteTeam "Schachfreunde Nordost Berlin"]
[BlackTeam "SC Landskrone"]
[PlyCount "51"]
[WhiteFideId "16204182"]
[BlackFideId "12988014"]
[EventCountry "GER"]
[EventRounds "7"]
[EventType "team-swiss"]
[EventDate "2019.12.26"]

1. c4 c5 2. g3 g6 3. Bg2 Bg7 4. Nc3 Nc6 5. a3 e6 6. b4 cxb4 7. axb4 Nge7 8. b5
Ne5 9. Qb3 d5 10. cxd5 exd5 11. Bxd5 Nxd5 12. Qxd5 O-O 13. Qxd8 Rxd8 14. f4 Nc4
15. Nf3 Ne3 16. Kf2 Bxc3 17. dxc3 Nd1+ 18. Kg2 Nxc3 19. b6 a6 20. Bb2 Nb5 21.
Rhd1 Be6 22. Nd4 Nxd4 23. Rxd4 Rxd4 24. Bxd4 Rc8 25. Kf2 Bg4 26. Ra2 1/2-1/2

[Event "DVM U14 2019"]
[Site "Magdeburg GER"]
[Date "2019.12.27"]
[Round "1"]
[White "Müller, Maurice-Pascal"]
[Black "Reichmann, Felix"]
[Result "1/2-1/2"]
[Termination "normal"]
[Board "6.2"]
[WhiteElo "1673"]
[BlackElo "1791"]
[WhiteTeam "SC Landskrone"]
[BlackTeam "Schachfreunde Nordost Berlin"]
[PlyCount "60"]
[WhiteFideId "16243340"]
[BlackFideId "16238290"]
[EventCountry "GER"]
[EventRounds "7"]
[EventType "team-swiss"]
[EventDate "2019.12.26"]

1. e4 c6 2. d4 d6 3. Nc3 Nd7 4. Nf3 g6 5. Be3 Bg7 6. Qd2 b5 7. d5 c5 8. Bxb5
Rb8 9. O-O Qa5 10. Bxd7+ Bxd7 11. Nd1 Qa4 12. Re1 Qc4 13. c3 Qa4 14. h3 h5 15.
Bf4 f6 16. Qe3 g5 17. Bh2 Bh6 18. Nd2 g4 19. Bf4 gxh3 20. Qg3 Bxf4 21. Qxf4
hxg2 22. b3 Qa6 23. Nb2 Nh6 24. Nbc4 Ng4 25. Ne3 Ne5 26. Ndc4 Kf7 27. Nxe5+
dxe5 28. Qf3 Rbg8 29. Nc4 Rg5 30. Qe3 Rhg8 1/2-1/2

[Event "DVM U14 2019"]
[Site "Magdeburg GER"]
[Date "2019.12.27"]
[Round "1"]
[White "Beck, Felix"]
[Black "Behr, Julian"]
[Result "1-0"]
[Termination "normal"]
[Board "6.3"]
[WhiteElo "1508"]
[BlackElo "1645"]
[WhiteTeam "Schachfreunde Nordost Berlin"]
[BlackTeam "SC Landskrone"]
[PlyCount "61"]
[WhiteFideId "16255364"]
[BlackFideId "16255410"]
[EventCountry "GER"]
[EventRounds "7"]
[EventType "team-swiss"]
[EventDate "2019.12.26"]

1. c4 e5 2. g3 Nf6 3. Bg2 d5 4. cxd5 Nxd5 5. Nc3 Nb6 6. Nf3 Nc6 7. O-O Be7 8.
b3 O-O 9. Bb2 Bf5 10. d3 Qd7 11. Rc1 Rad8 12. Nd2 Bh3 13. Nc4 Nxc4 14. bxc4
Bxg2 15. Kxg2 f5 16. f3 Bc5 17. Nd5 Nd4 18. Bxd4 exd4 19. Rb1 b6 20. Nb4 Rde8
21. Re1 Rf7 22. Nd5 Kh8 23. a4 a5 24. Qc2 g5 25. e3 dxe3 26. Qc3+ Kg8 27. Nf6+
Rxf6 28. Qxf6 Qxd3 29. Rbd1 Qc2+ 30. Kh1 Qc3 31. Qxc3 1-0

[Event "DVM U14 2019"]
[Site "Magdeburg GER"]
[Date "2019.12.27"]
[Round "1"]
[White "Dittenberger, Nico"]
[Black "Duduka, Artem"]
[Result "1/2-1/2"]
[Termination "normal"]
[Board "6.4"]
[WhiteElo "1362"]
[BlackElo "1578"]
[WhiteTeam "SC Landskrone"]
[BlackTeam "Schachfreunde Nordost Berlin"]
[PlyCount "92"]
[WhiteFideId "12996254"]
[BlackFideId "14194805"]
[EventCountry "GER"]
[EventRounds "7"]
[EventType "team-swiss"]
[EventDate "2019.12.26"]

1. e4 e5 2. Nf3 Nc6 3. Bc4 Be7 4. c3 Nf6 5. d3 d6 6. O-O Bg4 7. Be3 O-O 8. Nbd2
a6 9. d4 exd4 10. cxd4 Nxe4 11. Nxe4 d5 12. Bd3 dxe4 13. Bxe4 Qd6 14. Qc2 Nb4
15. Qb3 Be6 16. Qd1 Nd5 17. Bg5 f6 18. Bd2 c6 19. a3 Qd7 20. Qc2 f5 21. Bd3 Bd6
22. Ng5 h6 23. Nxe6 Qxe6 24. Rae1 Qf6 25. Bc3 Nxc3 26. bxc3 Kh8 27. a4 g6 28.
Qb3 Qf7 29. Qxf7 Rxf7 30. Re6 Bf4 31. Rxg6 Re8 32. g3 Bd2 33. c4 Rd8 34. Rd1
Kh7 35. Re6 Bc3 36. g4 Bxd4 37. gxf5 Kg7 38. Rg6+ Kh7 39. Kf1 Bxf2 40. Rg2 Be3
41. Ke2 Bg5 42. f6+ Kh8 43. Rf1 Rxf6 44. Rxf6 Bxf6 45. Rg6 Bg7 46. Re6 Bf8
1/2-1/2